000 00376nam a2200109Ia 4500
008 171211s9999 xx 000 0 und d
245 _aMosaicos: Spanish As A World Language, 6th Edition, Volume 2
245 _cElizabeth E. Guzmán and Matilde Olivella Castells
260 _c2014
650 _xLANGUAGES
856 _uhttp://down.ebook777.com/025/MosSpaAsAWorLan6thEdiVol2.pdf
999 _c349743
_d349743